Olasz könyvkiállítás Szegeden
Elmentve itt :
| Szerző: | |
|---|---|
| Dokumentumtípus: | Cikk |
| Megjelent: |
1970-10-09
|
| Sorozat: | Délmagyarország
60 No. 237 |
| Kulcsszavak: | Somogyi-könyvtár, Könyvkiállítás olasz Szeged 1970 |
| Online Access: | http://dmarchiv.bibl.u-szeged.hu/73082 |
| LEADER | 00497nab a2200157 i 4500 | ||
|---|---|---|---|
| 001 | delm73082 | ||
| 005 | 20180928082552.0 | ||
| 008 | 180928s1970 hu o 0|| hun d | ||
| 040 | |a SZTE Délmagyarország Archívum |b hun | ||
| 041 | |a hun | ||
| 100 | 1 | |a Akácz László | |
| 245 | 1 | 0 | |a Olasz könyvkiállítás Szegeden |h [elektronikus dokumentum] / |c Akácz László |
| 260 | |c 1970-10-09 | ||
| 300 | |a 5 | ||
| 490 | 0 | |a Délmagyarország |v 60 No. 237 | |
| 695 | |a Somogyi-könyvtár, Könyvkiállítás olasz Szeged 1970 | ||